Les champs magnétiques / (Record no. 36141)

MARC details
000 -LEADER
campo de control de longitud fija 00552nam a2200181 i 4500
001 - NÚMERO DE CONTROL
campo de control 36141
003 - IDENTIFICADOR DE NÚMERO DE CONTROL
campo de control ES-MaACL
005 - FECHA Y HORA DE LA ÚLTIMA TRANSACCIÓN
campo de control 20260504130822.0
007 - CAMPO FIJO DE DESCRIPCIÓN FÍSICA--INFORMACIÓN GENERAL
campo de control de longitud fija t|
008 - DATOS DE LONGITUD FIJA--INFORMACIÓN GENERAL
campo de control de longitud fija 030217s1920 fr ||||1| fre d
100 ## - ENTRADA PRINCIPAL--NOMBRE DE PERSONA
Nombre de persona Breton, André,
Fechas asociadas al nombre 1896-1966
9 (RLIN) 239133
245 14 - MENCIÓN DEL TÍTULO
Título Les champs magnétiques /
Mención de responsabilidad, etc. par André Breton et Philippe Soupault.
260 ## - PUBLICACIÓN, DISTRIBUCIÓN, ETC.
Lugar de publicación, distribución, etc. Paris :
Nombre del editor, distribuidor, etc. [René Tancréde],
Fecha de publicación, distribución, etc. 1920.
300 ## - DESCRIPCIÓN FÍSICA
Extensión 111 p. :
Otras características físicas 2 retr. ;
Dimensiones 20 cm.
700 1# - ENTRADA AGREGADA--NOMBRE PERSONAL
Nombre de persona Soupault, Philippe.
9 (RLIN) 107567
852 ## - LOCALIZACIÓN
Ubicación ES-MaACL
Número de control de estantería B-6014
Holdings
Estatus retirado Estado de pérdida Estado de daño No para préstamo Biblioteca de origen Biblioteca actual Ubicación en estantería Fecha de adquisición Fuente de adquisición Total de préstamos Signatura topográfica completa Código de barras Visto por última vez Precio de reemplazo Tipo de ítem Koha
        Biblioteca del Ateneo de Madrid Biblioteca del Ateneo de Madrid Sala Pardo Bazán 17/01/2008     B-6014 1037930 23/02/2023 23/02/2023 Libro impreso